Forms reference manual : release 4.5.

Saved in:
Bibliografiske detaljer
Andre forfattere: Chu, Ken, Lim, Gina
Format: Bog
Sprog:English
Udgivet: Redwood City, Calif. : Oracle Corporation, c1994.
Fag:
LEADER 01304cam a2200337 a 4500
001 c000396954
003 CARM
005 20140325111513.0
008 140325s1994 caua 001 0 eng d
019 1 |a 12110508  |5 LACONCORD2021 
035 |a (OCoLC)39873927  |5 LACONCORD2021 
040 |a VVUT  |b eng  |c VVUT 
082 0 4 |a 005.7565  |2 20 
245 0 0 |a Forms reference manual :  |b release 4.5. 
246 3 4 |a Oracle Developer/2000 Forms 4.5 reference manual 
260 |a Redwood City, Calif. :  |b Oracle Corporation,  |c c1994. 
300 |a 2 v. :  |b ill. ;  |c 23 cm. 
500 |a Contributing authors: Ken Chu, Gina Lim. 
500 |a Includes index. 
500 |a Part no. A32509-2 (v. 1), part no. A32510-2 (v. 2) 
630 0 0 |a Oracle (Computer file) 
700 1 |a Chu, Ken. 
700 1 |a Lim, Gina. 
852 8 |b CARM  |p 0601762  |j v.1  |f BK 
852 8 |b CARM  |p 0601763  |j v.2  |f BK 
852 8 |b SCAN  |h A3:AH14D0  |i F08807  |p 0601762  |f BK 
852 8 |b SCAN  |h A3:AH14D0  |i F08807  |p 0601763  |f BK 
999 f f |i 8e5322dc-81ca-5742-a699-7fed0debd9bd  |s f546ae7b-33b7-557c-ad63-5a02ab93133b 
952 f f |p Can circulate  |a CAVAL  |b CAVAL  |c CAVAL  |d CARM 1 Store  |i book  |j v.1  |m 0601762 
952 f f |p Can circulate  |a CAVAL  |b CAVAL  |c CAVAL  |d CARM 1 Store  |i book  |j v.2  |m 0601763 
952 f f |a CAVAL  |b CAVAL  |c CAVAL  |d Unmapped Location  |e F08807  |f A3:AH14D0  |h Other scheme